| 000 | 00983nam a22002651c 4500 | ||
|---|---|---|---|
| 001 | a987685660 | ||
| 008 | 060218s1946 gw |||| 000u ger d | ||
| 041 | _ager | ||
| 100 | 1 | _aList, Friedrich | |
| 245 | 0 | 0 |
_aÜber das Wesen und den Wert einer nationalen Gewerbsproduktivkraft / _cFriedrich List. [Hrsg. von August Skalweit] |
| 264 |
_aFrankfurt am Main : _bKlostermann, _c1946 |
||
| 300 | _a59 S. | ||
| 336 |
_aText _btxt _2rdacontent |
||
| 337 |
_aComputermedien _bc _2rdamedia |
||
| 338 |
_aOnline-Ressource _bcr _2rdacarrier |
||
| 500 | _aOnline-Ressourse, frei zugänglich | ||
| 500 | _aElektronische Version - Das Wesen und der Wert einer nationalen Gewerbsproduktivkraft - Ausgabe von 1900 | ||
| 700 | 1 |
_aList, Friedrich _eHerausgeberIn |
|
| 700 | 1 |
_aSkalweit, August [Hrsg.] _eHerausgeberIn |
|
| 856 | 4 | _uhttp://www.archive.org/details/daswesenunddenwe00list | |
| 942 | _cEB | ||
| 040 | _cRU-10907106 | ||
| 003 | RU-10907106 | ||
| 999 |
_c33924 _d33924 |
||
| 490 | 0 |
_aSozialökonomische Texte _v2 |
|